Wird geladen...

Management briefs : Career detection : finding and manging your career

Bibliographische Detailangaben
1. Verfasser: Mclvor, Brain
Format: Printed Book
Veröffentlicht: Viva Books Pvt Ltd.: New Delhi 2015
Schlagworte:
LEADER 00583nam a2200193 4500
020 |c 295 
082 |a 658.08 MCL 
100 |a Mclvor, Brain 
245 |a Management briefs : Career detection : finding and manging your career  |c Mclvor, Brain 
250
260 |a Viva Books Pvt Ltd.: New Delhi  |c 2015 
300 |a 126 p 
490
500
590 |a Professional Books  |b No 
650 |a General management 
942 |c BK 
999 |c 147790  |d 147790 
952 |0 0  |1 0  |4 0  |6 658_080000000000000_MCL  |7 0  |9 161250  |a IMK  |b IMK  |g 295.00  |l 0  |o 658.08 MCL  |p IMK14152  |r 2019-10-25  |w 2019-10-25  |y BK